[Event "Uadjpur Pandiyar Memorial 7th"]
[Site "Uadjpur"]
[Date "2022.10.10"]
[Round "6"]
[White "Sauravh, Khherdekar"]
[Black "Kiran, Panditrao"]
[Result "1-0"]
[WhiteElo "2154"]
[BlackElo "1748"]
[PlyCount "65"]
[EventDate "2022.10.08"]
[EventType "swiss"]
[EventRounds "9"]
[EventCountry "IND"]
[SourceTitle "CBM 210 Extra"]
[Source "ChessBase"]
[SourceDate "2022.11.30"]
[SourceVersion "1"]
[SourceVersionDate "2022.11.30"]
[SourceQuality "1"]

1. d4 e6 2. Nf3 c5 3. c3 Qa5 4. e3 cxd4 5. exd4 Nf6 6. Bd3 Qc7 7. 0-0 b6 8. Bg5 Be7 9. Nbd2 Bb7 10. a4 a6 11. a5 d6 12. axb6 Qxb6 13. Nc4 Qc7 14. Na5 Bc8 15. Qe2 Nbd7 16. c4 Rb8 17. d5 e5 18. Nc6 Ra8 19. Nfd4 Nc5 20. Nxe7 Qxe7 21. Nc6 Qc7 22. f4 0-0 23. Bxf6 Nxd3 24. Qxd3 gxf6 25. Qg3+ Kh8 26. Qh4 Rg8 27. Qxf6+ Rg7 28. fxe5 dxe5 29. Ra3 Qb6+ 30. Kh1 Bd7 31. Rg3 Rag8 32. c5 Qxc5 33. Ne7 1-0

[Event "Barcelona Sant Marti op-A 22nd"]
[Site "Barcelona"]
[Date "2022.07.18"]
[Round "6"]
[White "Millaret Lores, Francesco"]
[Black "Sauravh, Khherdekar"]
[Result "1/2-1/2"]
[WhiteElo "2106"]
[BlackElo "2219"]
[PlyCount "82"]
[EventDate "2022.07.13"]
[EventType "swiss"]
[EventRounds "9"]
[EventCountry "ESP"]
[SourceTitle "CBM 209 Extra"]
[Source "ChessBase"]
[SourceDate "2022.09.30"]
[SourceVersion "1"]
[SourceVersionDate "2022.09.30"]
[SourceQuality "1"]

1. e4 e6 2. d4 d5 3. Bd3 dxe4 4. Bxe4 Nf6 5. Bf3 Nc6 6. Ne2 e5 7. Bxc6+ bxc6 8. 0-0 Ba6 9. Re1 Be7 10. Nbc3 0-0 11. dxe5 Qxd1 12. Nxd1 Ng4 13. Nd4 Bc5 14. Nb3 Bb6 15. h3 Nh6 16. Bxh6 gxh6 17. Ne3 f5 18. exf6 Rxf6 19. Ng4 Rd6 20. Rad1 h5 21. Rxd6 cxd6 22. Nf6+ Kf7 23. Nxh5 Bc8 24. Nd2 Ba5 25. c3 Rb8 26. b4 Bc7 27. Nf3 a5 28. a3 axb4 29. axb4 Ra8 30. g4 h6 31. Nd4 c5 32. Nc6 cxb4 33. cxb4 Bb6 34. Re7+ Kf8 35. Rh7 Ra1+ 36. Kg2 Ba6 37. Nf6 Bf1+ 38. Kf3 Ra3+ 39. Kf4 Bxf2 40. Nd7+ Kg8 41. Nf6+ Kf8 1/2-1/2

[Event "Barcelona Sant Marti op-A 22nd"]
[Site "Barcelona"]
[Date "2022.07.16"]
[Round "4"]
[White "Marzo Pie, Xavier"]
[Black "Sauravh, Khherdekar"]
[Result "0-1"]
[WhiteElo "2053"]
[BlackElo "2219"]
[PlyCount "74"]
[EventDate "2022.07.13"]
[EventType "swiss"]
[EventRounds "9"]
[EventCountry "ESP"]
[SourceTitle "CBM 209 Extra"]
[Source "ChessBase"]
[SourceDate "2022.09.30"]
[SourceVersion "1"]
[SourceVersionDate "2022.09.30"]
[SourceQuality "1"]

1. d4 Nf6 2. c4 c5 3. d5 b5 4. cxb5 a6 5. bxa6 g6 6. a7 Rxa7 7. Nc3 Ba6 8. e4 Bxf1 9. Kxf1 d6 10. g3 Bg7 11. Kg2 0-0 12. Nge2 Qb6 13. a4 Ra8 14. f3 Na6 15. Nb5 Nc7 16. Na3 Rfb8 17. Nc3 Qb3 18. Nc2 Nd7 19. Ra3 Qb7 20. Ne3 Qa6 21. h4 Ne5 22. h5 Nd3 23. hxg6 hxg6 24. Nb5 Nxc1 25. Nxc7 Rxb2+ 26. Kh3 Qc8+ 27. g4 Ne2 28. Nxa8 Nf4+ 29. Kg3 Be5 30. Nb6 Nd3+ 31. Kh4 Qf8 32. g5 Nf2 33. Nd7 Qg7 34. Ng4 Nxg4 35. Nxe5 Qxe5 36. fxg4 Rg2 37. Qf3 Qh8# 0-1

[Event "Barbera del Valles op 44th"]
[Site "Barbera del Valles"]
[Date "2022.07.08"]
[Round "5"]
[White "Singhai, Niklesh Jain"]
[Black "Sauravh, Khherdekar"]
[Result "1/2-1/2"]
[WhiteElo "1986"]
[BlackElo "2219"]
[PlyCount "34"]
[EventDate "2022.07.04"]
[EventType "swiss"]
[EventRounds "9"]
[EventCountry "ESP"]
[SourceTitle "EXT 2023"]
[Source "ChessBase"]
[SourceDate "2022.10.05"]
[SourceVersion "1"]
[SourceVersionDate "2022.10.05"]
[SourceQuality "1"]

1. e4 c5 2. Nf3 e6 3. d3 d5 4. Nbd2 Nc6 5. g3 Nf6 6. Bg2 g6 7. 0-0 Bg7 8. Re1 0-0 9. c3 a5 10. a4 b6 11. Nh4 Ba6 12. Bf1 dxe4 13. Nxe4 Nxe4 14. dxe4 Bxf1 15. Kxf1 Qe7 16. Qe2 Rfd8 17. Nf3 Qd7 1/2-1/2

[Event "Barbera del Valles op 44th"]
[Site "Barbera del Valles"]
[Date "2022.07.06"]
[Round "3"]
[White "Perez Bolanos, David"]
[Black "Sauravh, Khherdekar"]
[Result "1/2-1/2"]
[WhiteElo "2041"]
[BlackElo "2219"]
[PlyCount "45"]
[EventDate "2022.07.04"]
[EventType "swiss"]
[EventRounds "9"]
[EventCountry "ESP"]
[SourceTitle "EXT 2023"]
[Source "ChessBase"]
[SourceDate "2022.10.05"]
[SourceVersion "1"]
[SourceVersionDate "2022.10.05"]
[SourceQuality "1"]

1. d4 Nf6 2. c4 c5 3. d5 e6 4. Nc3 exd5 5. cxd5 d6 6. e4 g6 7. h3 Bg7 8. Nf3 0-0 9. Bd3 a6 10. a4 Nbd7 11. 0-0 Nh5 12. Be2 Re8 13. Re1 Rb8 14. Bg5 Bf6 15. Be3 Bxc3 16. bxc3 Rxe4 17. Nd2 Rxe3 18. fxe3 Ng3 19. Kh2 Nxe2 20. Qxe2 Qf6 21. c4 Ne5 22. Nf3 Bd7 23. Rf1 1/2-1/2

[Event "Barcelona Sant Marti op 21st"]
[Site "Barcelona"]
[Date "2019.07.20"]
[Round "8"]
[White "Ashwath, R."]
[Black "Sauravh, Khherdekar"]
[Result "1-0"]
[WhiteElo "2365"]
[BlackElo "2235"]
[PlyCount "61"]
[EventDate "2019.07.13"]
[EventType "swiss"]
[EventRounds "9"]
[EventCountry "ESP"]
[SourceTitle "EXT 2020"]
[Source "ChessBase"]
[SourceDate "2019.10.17"]
[SourceVersion "1"]
[SourceVersionDate "2019.10.17"]
[SourceQuality "1"]

1. d4 Nf6 2. c4 c5 3. Nf3 cxd4 4. Nxd4 b6 5. f3 Bb7 6. e4 Nc6 7. Be3 e6 8. Nb5 Bb4+ 9. N1c3 0-0 10. Nd6 Qb8 11. Nxb7 Qxb7 12. Be2 Bc5 13. Bg5 Bd4 14. Qd2 a6 15. Rd1 Rad8 16. Bd3 d5 17. cxd5 exd5 18. Bxf6 Bxf6 19. exd5 Nb4 20. 0-0 Qc7 21. Be4 Be5 22. f4 Bd6 23. g3 f5 24. Bf3 Nc6 25. dxc6 Bc5+ 26. Kg2 Rxd2+ 27. Rxd2 Qe7 28. Rd7 Qf6 29. Re1 Kh8 30. c7 h6 31. Red1 1-0

[Event "Barcelona Sant Marti op 21st"]
[Site "Barcelona"]
[Date "2019.07.13"]
[Round "1"]
[White "Sauravh, Khherdekar"]
[Black "Erra Soler, Gerard"]
[Result "1-0"]
[WhiteElo "2235"]
[BlackElo "1678"]
[PlyCount "75"]
[EventDate "2019.07.13"]
[EventType "swiss"]
[EventRounds "9"]
[EventCountry "ESP"]
[SourceTitle "EXT 2020"]
[Source "ChessBase"]
[SourceDate "2019.10.17"]
[SourceVersion "1"]
[SourceVersionDate "2019.10.17"]
[SourceQuality "1"]

1. c4 Nf6 2. Nc3 e6 3. Nf3 d5 4. e3 Be7 5. b3 b6 6. Bb2 Bb7 7. cxd5 exd5 8. Be2 Nbd7 9. 0-0 0-0 10. Rc1 c5 11. d4 Re8 12. Bb5 a6 13. Bxd7 Qxd7 14. Na4 Qb5 15. dxc5 bxc5 16. Bxf6 Bxf6 17. Nxc5 Bc6 18. Nd4 Bxd4 19. Qxd4 Rad8 20. a4 Qb6 21. Ne6 Qxd4 22. Nxd4 Ba8 23. Rc5 g6 24. Rfc1 Rb8 25. g4 Kg7 26. Kg2 Re7 27. Rc7 Rbe8 28. Rxe7 Rxe7 29. b4 Re8 30. Kg3 Rb8 31. b5 axb5 32. axb5 Bb7 33. g5 Bc8 34. Rc5 Bb7 35. Nc6 Rc8 36. Kf4 f6 37. gxf6+ Kxf6 38. Rxd5 1-0

[Event "Mumbai Mayors Cup 12th"]
[Site "Mumbai"]
[Date "2019.06.13"]
[Round "7"]
[White "Malakhatko, Vadim"]
[Black "Sauravh, Khherdekar"]
[Result "1-0"]
[WhiteElo "2505"]
[BlackElo "2294"]
[PlyCount "81"]
[EventDate "2019.06.09"]
[EventType "swiss"]
[EventRounds "10"]
[EventCountry "IND"]
[SourceTitle "CBM 190 Extra"]
[Source "ChessBase"]
[SourceDate "2019.07.15"]
[SourceVersion "1"]
[SourceVersionDate "2019.07.15"]
[SourceQuality "1"]

1. c4 e6 2. g3 Nf6 3. Bg2 d5 4. Nf3 dxc4 5. Qa4+ c6 6. Qxc4 b5 7. Qb3 Bb7 8. a4 a6 9. 0-0 Nbd7 10. Nc3 b4 11. Nd1 c5 12. Ne3 Be7 13. d3 0-0 14. Nd2 Bxg2 15. Kxg2 Ne5 16. Nec4 Nc6 17. Nf3 Nd4 18. Nxd4 cxd4 19. a5 Qd5+ 20. f3 Qb7 21. Nb6 Rad8 22. Qc4 e5 23. Bd2 Nd5 24. Rfc1 Nxb6 25. axb6 Qxb6 26. Rxa6 Qb7 27. Qc6 Rb8 28. Qxb7 Rxb7 29. f4 exf4 30. gxf4 b3 31. Kf3 Bf6 32. Rac6 h5 33. R1c5 Re8 34. Rc7 Rb6 35. Rc8 Rxc8 36. Rxc8+ Kh7 37. Rc7 Kg6 38. Be1 Kf5 39. Bf2 Ke6 40. Ke4 Ra6 41. f5+ 1-0

[Event "Bangkok Cha Am op 19th"]
[Site "Bangkok"]
[Date "2019.04.09"]
[Round "4"]
[White "Sauravh, Khherdekar"]
[Black "Kollmann, Robert"]
[Result "1-0"]
[WhiteElo "2247"]
[BlackElo "1874"]
[PlyCount "85"]
[EventDate "2019.04.06"]
[EventType "swiss"]
[EventRounds "9"]
[EventCountry "THA"]
[SourceTitle "CBM 189 Extra"]
[Source "ChessBase"]
[SourceDate "2019.05.31"]
[SourceVersion "1"]
[SourceVersionDate "2019.05.31"]
[SourceQuality "1"]

1. d4 e6 2. Nf3 b6 3. g3 Bb7 4. Bg2 f5 5. 0-0 Nf6 6. c4 Be7 7. b3 0-0 8. Bb2 Qe8 9. Nc3 Qh5 10. d5 Ne4 11. Nd4 exd5 12. Nxd5 Bxd5 13. cxd5 Bf6 14. Qc2 Na6 15. Bxe4 fxe4 16. Qc4 Nc5 17. Rab1 Be5 18. b4 Nb7 19. d6+ Qf7 20. Qxf7+ Rxf7 21. dxc7 d5 22. Nb5 Bxc7 23. Rfd1 Bd6 24. Nxd6 Nxd6 25. Rxd5 Nf5 26. Rbd1 Raf8 27. Rd7 h5 28. Rxf7 Kxf7 29. Rd7+ Ke6 30. Rxa7 Rd8 31. Bxg7 e3 32. fxe3 Nxe3 33. Kf2 Ng4+ 34. Ke1 Ne3 35. Rb7 Rd1+ 36. Kf2 Ng4+ 37. Kg2 Rd2 38. h3 Ne3+ 39. Kf3 Nd5 40. e4 Nxb4 41. Rxb6+ Kf7 42. Rxb4 Kxg7 43. a4 1-0

[Event "Udaipur Lakecity op 3rd"]
[Site "Udaipur"]
[Date "2019.03.31"]
[Round "7"]
[White "Sauravh, Khherdekar"]
[Black "Muthaiah, Al"]
[Result "0-1"]
[WhiteElo "2272"]
[BlackElo "2426"]
[PlyCount "120"]
[EventDate "2019.03.28"]
[EventType "swiss"]
[EventRounds "8"]
[EventCountry "IND"]
[SourceTitle "CBM 189 Extra"]
[Source "ChessBase"]
[SourceDate "2019.05.31"]
[SourceVersion "1"]
[SourceVersionDate "2019.05.31"]
[SourceQuality "1"]

1. d4 Nf6 2. Bg5 e6 3. Nd2 c5 4. e3 d5 5. c3 Nc6 6. Ngf3 h6 7. Bh4 Be7 8. Bd3 0-0 9. 0-0 b6 10. Ne5 Bb7 11. f4 Ne4 12. Bxe7 Nxe7 13. Nxe4 dxe4 14. Bc4 Bd5 15. Qe2 cxd4 16. exd4 f6 17. Ng4 f5 18. Ne5 Bxc4 19. Qxc4 Qc8 20. Qe2 Nc6 21. Nc4 Qa6 22. Rfe1 Rac8 23. Ne3 Qxe2 24. Rxe2 Ne7 25. g3 Nd5 26. Nxd5 exd5 27. Kf2 g5 28. Ke3 Kf7 29. Rf1 Ke6 30. Ref2 Rc7 31. Rh1 b5 32. a3 a5 33. Ra1 Rb7 34. Rc2 Rc8 35. Rf2 Rg8 36. Rc1 g4 37. Rh1 h5 38. h4 gxh3 39. Rxh3 Rbg7 40. Rxh5 Rg5 41. g4 Rxg4 42. Ke2 Rg2 43. Rh6+ R8g6 44. Rh8 Rxf2+ 45. Kxf2 Rg4 46. Rb8 Rxf4+ 47. Ke2 Rh4 48. Rb6+ Kd7 49. Rxb5 Ke6 50. Rb6+ Ke7 51. Rb5 Kf6 52. Rxd5 Kg5 53. b4 axb4 54. axb4 Rh2+ 55. Kd1 Kf4 56. b5 Ke3 57. Rxf5 Kd3 58. Ke1 e3 59. b6 Rb2 60. Kf1 Rxb6 0-1

[Event "Udaipur Lakecity op 3rd"]
[Site "Udaipur"]
[Date "2019.03.29"]
[Round "3"]
[White "Sauravh, Khherdekar"]
[Black "Arora, Honi"]
[Result "1-0"]
[WhiteElo "2272"]
[BlackElo "1646"]
[PlyCount "77"]
[EventDate "2019.03.28"]
[EventType "swiss"]
[EventRounds "8"]
[EventCountry "IND"]
[SourceTitle "CBM 189 Extra"]
[Source "ChessBase"]
[SourceDate "2019.05.31"]
[SourceVersion "1"]
[SourceVersionDate "2019.05.31"]
[SourceQuality "1"]

1. d4 d5 2. Bf4 Nf6 3. e3 c5 4. dxc5 Nc6 5. Bb5 Bf5 6. b4 e6 7. Nf3 Nd7 8. Bxc6 bxc6 9. c3 Qf6 10. 0-0 a5 11. Qa4 Ra6 12. Rc1 Bd3 13. Qd1 Bb5 14. Na3 a4 15. Nxb5 cxb5 16. Qe2 e5 17. Nxe5 Nxe5 18. Bxe5 Qc6 19. Re1 f6 20. Bd4 Be7 21. e4 dxe4 22. Qxe4 Qxe4 23. Rxe4 Kf7 24. Rae1 Re8 25. c4 bxc4 26. b5 Ra5 27. b6 c3 28. Bxc3 Rxc5 29. Rxe7+ Rxe7 30. Rxe7+ Kg6 31. Be1 Rb5 32. b7 a3 33. g4 Rb2 34. Kg2 h6 35. Bd2 h5 36. gxh5+ Kxh5 37. Bf4 g5 38. b8Q gxf4 39. Qg8 1-0

[Event "Vientiane op"]
[Site "Vientiane"]
[Date "2018.12.20"]
[Round "5"]
[White "Sauravh, Khherdekar"]
[Black "Wiwatanadate, Poompong"]
[Result "1-0"]
[WhiteElo "2283"]
[BlackElo "1968"]
[PlyCount "81"]
[EventDate "2018.12.18"]
[EventType "swiss"]
[EventRounds "9"]
[EventCountry "LAO"]
[SourceTitle "CBM 187 Extra"]
[Source "ChessBase"]
[SourceDate "2018.11.04"]
[SourceVersion "1"]
[SourceVersionDate "2018.11.04"]
[SourceQuality "1"]

1. d4 d5 2. Bf4 Nf6 3. e3 c5 4. Nc3 cxd4 5. exd4 a6 6. Nf3 Bg4 7. h3 Bxf3 8. Qxf3 Nc6 9. 0-0-0 e6 10. g4 Nd7 11. Qg3 Rc8 12. g5 Be7 13. h4 0-0 14. h5 Qa5 15. g6 Bf6 16. gxh7+ Kh8 17. Bg5 Bxd4 18. Rg1 Bxc3 19. bxc3 Nce5 20. Be7 g6 21. Bb4 Qxa2 22. f4 Nf6 23. hxg6 Qa1+ 24. Kd2 Ne4+ 25. Ke1 Qxd1+ 26. Kxd1 Nxg3 27. g7+ Kxg7 28. Bxf8+ Kxh7 29. Rxg3 Ng6 30. Bd6 Kg7 31. Bd3 f5 32. Be2 Kh6 33. Re3 Kg7 34. Rxe6 Kf7 35. Re3 Rc6 36. Be5 Nxe5 37. Rxe5 Rxc3 38. Rxd5 Ke6 39. Re5+ Kf6 40. Bd3 Kg6 41. Bxf5+ 1-0

[Event "Barbera del Valles op 41st"]
[Site "Barbera del Valles"]
[Date "2018.07.10"]
[Round "7"]
[White "Sauravh, Khherdekar"]
[Black "Stella, Andrea"]
[Result "0-1"]
[WhiteElo "2239"]
[BlackElo "2504"]
[PlyCount "102"]
[EventDate "2018.07.04"]
[EventType "swiss"]
[EventRounds "9"]
[EventCountry "ESP"]
[SourceTitle "CBM 185 Extra"]
[Source "ChessBase"]
[SourceDate "2018.07.29"]
[SourceVersion "1"]
[SourceVersionDate "2018.07.29"]
[SourceQuality "1"]

1. d4 d5 2. c4 e6 3. Nf3 Nf6 4. g3 dxc4 5. Bg2 c5 6. 0-0 Nc6 7. Qa4 Bd7 8. Qxc4 b5 9. Qd3 c4 10. Qd1 Rc8 11. Bg5 Be7 12. Nc3 a6 13. Ne5 0-0 14. e3 Be8 15. Nxc6 Bxc6 16. Bxc6 Rxc6 17. Qf3 Rc7 18. Bxf6 Bxf6 19. Rfd1 b4 20. Ne4 Be7 21. d5 exd5 22. Rxd5 Qxd5 23. Nf6+ Bxf6 24. Qxd5 Bxb2 25. Rb1 c3 26. Qb3 c2 27. Qxb2 cxb1Q+ 28. Qxb1 a5 29. Qf5 Ra8 30. Qb5 Rcc8 31. h4 Rcb8 32. Qa4 h5 33. Kg2 g6 34. Kf3 Rb6 35. e4 Re6 36. Qb5 Rae8 37. Qxa5 Rxe4 38. Qb5 R4e5 39. Qc4 Ra5 40. g4 Rea8 41. gxh5 Rxh5 42. Kg4 Ra3 43. f3 Rf5 44. Qxb4 Rxa2 45. Kg3 Raa5 46. Qb3 Kg7 47. Qc3+ Kh7 48. Qb2 Ra6 49. h5 Rxh5 50. Kg4 Rf5 51. Qh2+ Kg7 0-1

[Event "Barbera del Valles op 41st"]
[Site "Barbera del Valles"]
[Date "2018.07.09"]
[Round "6"]
[White "Raghunandan, Kaumandur Srihari"]
[Black "Sauravh, Khherdekar"]
[Result "0-1"]
[WhiteElo "2417"]
[BlackElo "2239"]
[PlyCount "84"]
[EventDate "2018.07.04"]
[EventType "swiss"]
[EventRounds "9"]
[EventCountry "ESP"]
[SourceTitle "CBM 185 Extra"]
[Source "ChessBase"]
[SourceDate "2018.07.29"]
[SourceVersion "1"]
[SourceVersionDate "2018.07.29"]
[SourceQuality "1"]

1. e4 e6 2. d4 d5 3. Nc3 Bb4 4. e5 c5 5. a3 Bxc3+ 6. bxc3 Qc7 7. Nf3 Ne7 8. h4 h6 9. h5 b6 10. Bb5+ Bd7 11. a4 a6 12. Bd3 Nbc6 13. Qd2 Na5 14. Rh3 cxd4 15. cxd4 Nc4 16. Qc3 Rc8 17. Qb3 b5 18. axb5 Bxb5 19. Rg3 Nc6 20. Qc3 Nb6 21. Bxb5 axb5 22. Qc5 Nd7 23. Qxb5 Ne7 24. Qd3 0-0 25. Bxh6 Nf5 26. Bxg7 Nxg3 27. Bxf8 Nxh5 28. Bh6 Ng7 29. g4 Nf8 30. Kd2 Ng6 31. Ng5 Qe7 32. Rb1 f5 33. gxf5 Nxf5 34. Qa6 Qe8 35. Qb7 Nge7 36. Rb6 Nxd4 37. c3 Qg6 38. Rb2 Qxh6 39. Qxe7 Nf3+ 40. Ke2 Nxg5 41. Rb7 Rf8 42. f4 Ne4 0-1

[Event "Barbera del Valles op 41st"]
[Site "Barbera del Valles"]
[Date "2018.07.08"]
[Round "5"]
[White "Karthik, Venkataraman"]
[Black "Sauravh, Khherdekar"]
[Result "1-0"]
[WhiteElo "2514"]
[BlackElo "2239"]
[PlyCount "75"]
[EventDate "2018.07.04"]
[EventType "swiss"]
[EventRounds "9"]
[EventCountry "ESP"]
[SourceTitle "CBM 185 Extra"]
[Source "ChessBase"]
[SourceDate "2018.07.29"]
[SourceVersion "1"]
[SourceVersionDate "2018.07.29"]
[SourceQuality "1"]

1. e4 e6 2. d4 d5 3. Nc3 Nc6 4. e5 f6 5. Bb5 Bd7 6. Nf3 Qe7 7. 0-0 Qf7 8. Re1 0-0-0 9. Qe2 Re8 10. a4 Bb4 11. Bd2 Nge7 12. a5 Ng6 13. Bxc6 Bxc6 14. Na2 Bxd2 15. Qxd2 fxe5 16. Nxe5 Nxe5 17. Rxe5 Rhf8 18. Rae1 Qf4 19. R1e3 Rf6 20. Nb4 Rh6 21. g3 Qg4 22. f3 Qh3 23. Qf2 Rf8 24. a6 Bb5 25. axb7+ Kxb7 26. b3 a5 27. Na2 Rff6 28. c4 Bc6 29. Nc3 dxc4 30. bxc4 Kc8 31. d5 exd5 32. cxd5 Bd7 33. Ne4 Rb6 34. Re1 Rh5 35. Rc1 Kb8 36. Qc2 Rb7 37. Nc5 Rb6 38. Rxh5 1-0

[Event "Barbera del Valles op 41st"]
[Site "Barbera del Valles"]
[Date "2018.07.05"]
[Round "2"]
[White "Torre, Eugenio"]
[Black "Sauravh, Khherdekar"]
[Result "1/2-1/2"]
[WhiteElo "2460"]
[BlackElo "2239"]
[PlyCount "85"]
[EventDate "2018.07.04"]
[EventType "swiss"]
[EventRounds "9"]
[EventCountry "ESP"]
[SourceTitle "CBM 185 Extra"]
[Source "ChessBase"]
[SourceDate "2018.07.29"]
[SourceVersion "1"]
[SourceVersionDate "2018.07.29"]
[SourceQuality "1"]

1. d4 e6 2. Bf4 Nf6 3. e3 c5 4. Nd2 Nc6 5. c3 d5 6. Ngf3 Nh5 7. Bg5 Qb6 8. Rb1 h6 9. Bh4 g5 10. Ne5 Ng7 11. Bg3 Nf5 12. Qh5 Qc7 13. Nxc6 Nxg3 14. fxg3 bxc6 15. Nf3 Bg7 16. Bd3 e5 17. Nxe5 Bxe5 18. dxe5 Qxe5 19. 0-0 Be6 20. Rbe1 Rb8 21. Rf2 Ke7 22. Qd1 h5 23. e4 d4 24. Rf5 Qd6 25. e5 Qd7 26. Rxg5 dxc3 27. bxc3 c4 28. Be4 Qxd1 29. Rxd1 Rb2 30. Bxc6 Rxa2 31. Rb1 Rd8 32. Rxh5 Bd5 33. Rb7+ Ke6 34. Bxd5+ Rxd5 35. Rh6+ f6 36. Rxf6+ Kxe5 37. Rbf7 Rd3 38. Rf5+ Ke4 39. Rf4+ Ke5 40. R4f5+ Ke4 41. Rf4+ Ke5 42. R4f5+ Ke4 43. Rf4+ 1/2-1/2

[Event "Montcada op-A 26th"]
[Site "Montcada"]
[Date "2018.07.01"]
[Round "8"]
[White "Satyapragyan, Swayangsu"]
[Black "Sauravh, Khherdekar"]
[Result "1-0"]
[WhiteElo "2395"]
[BlackElo "2244"]
[PlyCount "81"]
[EventDate "2018.06.25"]
[EventType "swiss"]
[EventRounds "9"]
[EventCountry "ESP"]
[SourceTitle "EXT 2019"]
[Source "ChessBase"]
[SourceDate "2018.10.10"]
[SourceVersion "1"]
[SourceVersionDate "2018.10.10"]
[SourceQuality "1"]

1. e4 e6 2. d4 d5 3. Nd2 a6 4. c3 c5 5. Ngf3 Nc6 6. Bd3 cxd4 7. cxd4 dxe4 8. Nxe4 Bb4+ 9. Nc3 Nf6 10. 0-0 0-0 11. Bg5 Be7 12. Rc1 Nb4 13. Bb1 b5 14. a3 Nbd5 15. Nxd5 Nxd5 16. Qd3 f5 17. Bd2 Bb7 18. Rfe1 Rf6 19. Ne5 Rc8 20. Rxc8 Qxc8 21. h4 Bd6 22. h5 Qe8 23. Qh3 h6 24. g4 fxg4 25. Nxg4 Rf4 26. Nxh6+ gxh6 27. Rxe6 Qf8 28. Qg2+ Kh8 29. Qg6 Qg8 30. Qxg8+ Kxg8 31. Bxf4 Bxf4 32. Ba2 Kg7 33. Rg6+ Kh7 34. Bxd5 Bxd5 35. Rxa6 Bc1 36. Rb6 Bc4 37. b3 Be2 38. a4 bxa4 39. bxa4 Bxh5 40. a5 Bf3 41. a6 1-0

[Event "Bangkok Cha Am op 18th"]
[Site "Bangkog"]
[Date "2018.04.14"]
[Round "2"]
[White "Sauravh, Khherdekar"]
[Black "Hng, Mei En Emmanuelle"]
[Result "1-0"]
[WhiteElo "2222"]
[BlackElo "1997"]
[PlyCount "50"]
[EventDate "2018.04.13"]
[EventType "swiss"]
[EventRounds "9"]
[EventCountry "THA"]
[SourceTitle "CBM 184 Extra"]
[Source "ChessBase"]
[SourceDate "2018.06.28"]
[SourceVersion "1"]
[SourceVersionDate "2018.06.28"]
[SourceQuality "1"]

1. d4 c5 2. d5 e6 3. Nc3 Nf6 4. Nf3 d6 5. e4 exd5 6. Nxd5 Nxd5 7. Qxd5 Be7 8. Bc4 0-0 9. 0-0 Nc6 10. Qd3 a6 11. a4 Bg4 12. Bf4 Bxf3 13. Qxf3 Nd4 14. Qd3 b5 15. Bd5 Rb8 16. axb5 axb5 17. Rfd1 Bf6 18. c3 c4 19. Qf1 Nb3 20. Ra6 Rb6 21. Rxb6 Qxb6 22. Bxd6 Re8 23. Qe2 Be7 24. Qh5 g6 25. Qf3 Bxd6 1-0

[Event "Mumbai Wealth op 3rd"]
[Site "Mumbai"]
[Date "2018.01.04"]
[Round "6"]
[White "Harsha, Bharathakoti"]
[Black "Sauravh, Khherdekar"]
[Result "1-0"]
[WhiteElo "2451"]
[BlackElo "2202"]
[PlyCount "73"]
[EventDate "2017.12.30"]
[EventType "swiss"]
[EventRounds "9"]
[EventCountry "IND"]
[SourceTitle "CBM 182 Extra"]
[Source "ChessBase"]
[SourceDate "2018.02.23"]
[SourceVersion "1"]
[SourceVersionDate "2018.02.23"]
[SourceQuality "1"]

1. c4 e5 2. Nc3 Nc6 3. e3 Nf6 4. Nf3 d5 5. cxd5 Nxd5 6. Bb5 Nxc3 7. bxc3 Bd6 8. d4 exd4 9. cxd4 0-0 10. 0-0 Bg4 11. h3 Bh5 12. a4 Qe7 13. Bb2 Rad8 14. Rc1 Nb4 15. Be2 Nd5 16. Qb3 c6 17. Rfe1 Bb4 18. Red1 a5 19. Rc2 Bg6 20. Bd3 Bxd3 21. Rxd3 Bd6 22. Rd1 Kh8 23. Re2 f5 24. Ne5 Qg5 25. Ba3 Bxe5 26. Bxf8 Rxf8 27. dxe5 f4 28. Ree1 f3 29. g3 Qxe5 30. Qxb7 Nc3 31. Qxc6 Nxd1 32. Rxd1 h6 33. Qd6 Qxd6 34. Rxd6 Rb8 35. g4 Rb4 36. Rd4 Rb2 37. Rd5 1-0

[Event "Panchavati Resha op 3rd"]
[Site "Panchavati"]
[Date "2017.07.19"]
[Round "2"]
[White "Kartik, Kumar Singh"]
[Black "Sauravh, Khherdekar"]
[Result "0-1"]
[WhiteElo "1472"]
[BlackElo "2238"]
[PlyCount "104"]
[EventDate "2017.07.18"]
[EventType "swiss"]
[EventRounds "10"]
[EventCountry "IND"]
[SourceTitle "EXT 2018"]
[Source "ChessBase"]
[SourceDate "2017.10.13"]
[SourceVersion "1"]
[SourceVersionDate "2017.10.13"]
[SourceQuality "1"]

1. e4 c5 2. Nf3 a6 3. d4 cxd4 4. Nxd4 Nf6 5. Nc3 e5 6. Nf3 Bb4 7. Bd2 d6 8. Bd3 0-0 9. 0-0 Nc6 10. a3 Bxc3 11. Bxc3 h6 12. Qe2 Be6 13. Bc4 Bxc4 14. Qxc4 Rc8 15. Qd3 Qb6 16. Rad1 Rfd8 17. Qe2 Na5 18. Bxa5 Qxa5 19. c4 Qc5 20. Rc1 a5 21. Nd2 a4 22. Rfd1 Rc6 23. Nf1 Rdc8 24. Ne3 g6 25. Nd5 Nxd5 26. Rxd5 Qb6 27. h3 Kg7 28. Rc3 Qa6 29. Rb5 Rxc4 30. Rxb7 Qxb7 31. Rxc4 Rxc4 32. Qxc4 Qxb2 33. Qxa4 Qc1+ 34. Kh2 Qf4+ 35. Kg1 d5 36. f3 Qe3+ 37. Kf1 Qc1+ 38. Ke2 Qb2+ 39. Kf1 d4 40. Qa5 d3 41. Qd5 Qe2+ 42. Kg1 d2 43. Qxe5+ Kh7 44. Qf4 d1Q+ 45. Kh2 Qd7 46. a4 Qed2 47. Qxd2 Qxd2 48. Kg3 Qb4 49. f4 Qxa4 50. Kg4 Qxe4 51. Kh4 Qxf4+ 52. g4 Qf2# 0-1

[Event "Mumbai Mayors Cup 10th"]
[Site "Mumbai"]
[Date "2017.06.11"]
[Round "10"]
[White "Babujian, Levon"]
[Black "Sauravh, Khherdekar"]
[Result "1-0"]
[WhiteElo "2438"]
[BlackElo "2207"]
[PlyCount "159"]
[EventDate "2017.06.04"]
[EventType "swiss"]
[EventRounds "10"]
[EventCountry "IND"]
[SourceTitle "CBM 178 Extra"]
[Source "ChessBase"]
[SourceDate "2017.06.22"]
[SourceVersion "1"]
[SourceVersionDate "2017.06.22"]
[SourceQuality "1"]

1. e4 e6 2. d4 d5 3. Nc3 Nf6 4. Bg5 Bb4 5. exd5 Qxd5 6. Bxf6 gxf6 7. Nge2 c5 8. a3 Bxc3+ 9. Nxc3 Qxd4 10. Qxd4 cxd4 11. Nb5 Na6 12. Nxd4 Bd7 13. Bxa6 bxa6 14. 0-0-0 a5 15. Rhe1 Rg8 16. g3 Rg5 17. f4 Rh5 18. h4 a4 19. Ne2 Rc5 20. Nc3 f5 21. Rd6 Rac8 22. Ra6 R8c7 23. Rd1 Rc4 24. Rd3 Bc6 25. Ra5 Bd7 26. Kd2 Ke7 27. Ke3 Rb7 28. b3 axb3 29. cxb3 Rc8 30. b4 Rbc7 31. Nb5 Bxb5 32. Rxb5 Kf6 33. Ra5 Kg6 34. Kf3 Rc3 35. Rxc3 Rxc3+ 36. Kg2 Rc2+ 37. Kh3 Rc7 38. a4 h5 39. Kg2 Kf6 40. Kf2 Ke7 41. Ke3 Rb7 42. b5 Kd6 43. Kd4 Rd7 44. Ra6+ Kc7+ 45. Ke5 Kb8 46. Rd6 Rc7 47. Kf6 Kb7 48. a5 Rc5 49. Rd7+ Kb8 50. b6 a6 51. Rxf7 Rxa5 52. Kxe6 Rb5 53. Rxf5 Rxb6+ 54. Ke7 Rb7+ 55. Kf8 Rb5 56. Rxb5+ axb5 57. f5 b4 58. f6 b3 59. f7 b2 60. Kg7 b1Q 61. f8Q+ Ka7 62. Qf7+ Ka8 63. Qe8+ Ka7 64. Qxh5 Qe4 65. Qf7+ Ka8 66. Qf8+ Ka7 67. Qf4 Qd3 68. g4 Ka8 69. Qf8+ Ka7 70. Qf5 Qd4+ 71. Kg6 Qd6+ 72. Qf6 Qd3+ 73. Kg7 Qe4 74. Kh6 Qe3+ 75. g5 Ka8 76. h5 Qe8 77. g6 Qe3+ 78. Kh7 Qa7+ 79. g7 Qd7 80. Qd8+ 1-0